[Event "Internet Section 06A g/8'+2\""]
[Site "Dos Hermanas"]
[Date "2004.03.06"]
[Round "5"]
[White "Darr, James"]
[Black "Bustillo, Joaquin"]
[Result "0-1"]
[WhiteElo "1494"]
[BlackElo "1870"]
[PlyCount "32"]
[EventDate "2004.03.06"]
[EventType "swiss (blitz)"]
[EventRounds "9"]
[EventCountry "ESP"]
[SourceTitle "CBM 099 Extra"]
[Source "ChessBase"]
[SourceDate "2004.05.04"]
[SourceVersion "1"]
[SourceVersionDate "2004.05.04"]
[SourceQuality "1"]

1. e4 e5 2. Nf3 Nc6 3. Bb5 a6 4. Ba4 b5 5. Bb3 Nf6 6. 0-0 Be7 7. Re1 0-0 8. a4 b4 9. d3 d5 10. exd5 Nxd5 11. Nxe5 Nxe5 12. Rxe5 Nf6 13. c3 Bd6 14. Re1 Ng4 15. h3 Qh4 16. Qxg4 Bxg4 0-1

[Event "Internet Section 06A g/8'+2\""]
[Site "Dos Hermanas"]
[Date "2004.03.06"]
[Round "2"]
[White "Darr, James"]
[Black "Dounce, Carlos"]
[Result "1-0"]
[WhiteElo "1484"]
[BlackElo "2026"]
[PlyCount "59"]
[EventDate "2004.03.06"]
[EventType "swiss (blitz)"]
[EventRounds "9"]
[EventCountry "ESP"]
[SourceTitle "CBM 099 Extra"]
[Source "ChessBase"]
[SourceDate "2004.05.04"]
[SourceVersion "1"]
[SourceVersionDate "2004.05.04"]
[SourceQuality "1"]

1. e4 c5 2. Nf3 Nc6 3. d4 cxd4 4. Nxd4 g6 5. c4 Bg7 6. Be3 Nf6 7. Nc3 Ng4 8. Qxg4 Nxd4 9. Qd1 e5 10. Bd3 0-0 11. 0-0 d6 12. Qd2 f5 13. exf5 gxf5 14. Bxd4 exd4 15. Nd5 Be6 16. Rfe1 Bxd5 17. cxd5 Qh4 18. g3 Qf6 19. Qf4 Rae8 20. b3 Bh6 21. Qf3 Rxe1+ 22. Rxe1 f4 23. Qg4+ Kh8 24. Re6 Qf7 25. Rxh6 fxg3 26. Rxh7+ Qxh7 27. Bxh7 gxf2+ 28. Kf1 Kxh7 29. Qd7+ Kg8 30. Qxd6 1-0